000 00634nam a2200181Ia 4500
008 090630s9999 xx 000 0 und d
082 _b11690
100 _aदेवळे श. रा.
245 _aराजा विक्रमच्या कथा.
_cदेवळे श. रा.
260 _bनिर्मल.
_c1981
300 _a64
600 _aदेवळे श. रा.
630 _aराजा विक्रमच्या कथा.
655 _aबालवाङमय.
700 _aदेवळे श. रा.
730 _aराजा विक्रमच्या कथा.
942 _cBOOK
999 _c263546
_d263546